|
|
|
แสดงรายละเอียดบรรณานุกรม |
|
|
Brief Record
: Get Marc (ISO 2709)
: E-mail record
: |
|
|
| LEADER 00000nam 2200000uu 4500 | |||
| 001 13399128799 | |||
| 003 BCNR | |||
| 008 260508s2566||||th 000 0 tha d | |||
| 020 ^a9789740342397 | |||
| 041 ^atha | |||
| 060 4 ^aQU145^bน276บ 2566 | |||
| 100 0 ^aนฤมล ลีลายุวัฒน์ | |||
| 245 00 ^aบทบาทของโภชนาการและการออกกำลังกายต่อเมแทบอลิซึม =^bRoles of nutrition and exercise in metabolism /^cนฤมล ลีลายุวัฒน์ | |||
| 246 31 ^aRoles of nutrition and exercise in metabolism | |||
| 250 ^aพิมพ์ครั้งที่ 1 | |||
| 260 ^aกรุงเทพฯ :^bสำนักพิมพ์จุฬาลงกรณ์มหาวิทยาลัย,^c2566 | |||
| 300 ^a233 หน้า :^bภาพประกอบ (ภาพสีบางภาพ), ตาราง ;^c26 ซม. | |||
| 505 0 ^aบทที่ 1 โภชนาการ -- บทที่ 2 การออกกำลังกาย -- บทที่ 3 เมแทบอลิซึม -- บทที่ 4 บทบาทของโภชนาการร่วมกับการออกกำลังกายที่มีผลต่อเมแทบอลิซึม -- บทที่ 5 บทสรุป | |||
| 650 4 ^aการเผาพลาญ | |||
| 650 4 ^aโภชนาการ | |||
| 650 4 ^aโภชนาการ^xผลกระทบทางสรีรวิทยา | |||
| 650 4 ^aการออกกำลังกาย^xแง่สรีรวิทยา | |||
| 999 ^aบรรณารักษ์ | |||
| คุณยังไม่ได้ล็อกอิน คุณสามารถมีกิจกรรมร่วมกับเว็บไซต์ได้ แต่ต้องล็อกอินก่อน :: |
|
| สถานะ | |||||||||
| 1. | หนังสือ | QU145 น276บ 2566 c.1 Barcode: 087917 | ►หนังสือทั่วไป | On Shelf | |||||
| 2. | หนังสือ | QU145 น276บ 2566 c.2 Barcode: 087918 | ►หนังสือทั่วไป | On Shelf | |||||
| 3. | หนังสือ | QU145 น276บ 2566 c.3 Barcode: 087919 | ►หนังสือทั่วไป | On Shelf | |||||
| 4. | หนังสือ | QU145 น276บ 2566 c.4 Barcode: 087920 | ►หนังสือทั่วไป | On Shelf | |||||
| 5. | หนังสือ | QU145 น276บ 2566 c.5 Barcode: 087921 | ►หนังสือทั่วไป | On Shelf | |||||
| [แสดง 5/5 รายการ] | |||||||||
BibComment |
| คอมเมนท์ทรัพยากรรายการนี้ |
|
|